| 000 | 00633nam a2200229Ia 4500 | ||
|---|---|---|---|
| 001 | dia_7301 | ||
| 003 | CHAP | ||
| 008 | 220117s1978 xx 000 0 und d | ||
| 010 | _a179029 | ||
| 040 | _cCHAP | ||
| 090 | _aF 625 1978 | ||
| 110 |
_aEscuela Nacional de Agricultura _9150105 |
||
| 245 | _aAnteproyecto de Estatuto de la Universidad Autónoma Chapingo : alternativa B | ||
| 260 |
_aMéxico : _b Universidad Autónoma Chapingo, _c1978 |
||
| 300 | _a56 p. | ||
| 901 | _aF 625 1978 | ||
| 902 | _aM | ||
| 905 | _a0000001978 mx 0000000000spa00 | ||
| 942 | _c12 | ||
| 942 | _c12 | ||
| 999 |
_c179029 _d179029 |
||